| 000 | 00460nam a2200205Ia 4500 | ||
|---|---|---|---|
| 008 | 210210b2008 xxu||||| |||| 00| 0 eng d | ||
| 020 | _a9788190618427 | ||
| 041 | _aeng | ||
| 082 | _a332.1 RAOB | ||
| 100 | _aRAO (D Suryachandra) | ||
| 245 | _aBanking reforms in India | ||
| 260 |
_aNew Delhi. _b- _c2008 |
||
| 300 | _axx--412 | ||
| 650 | _areforms | ||
| 650 | _aIndia | ||
| 650 | _ain | ||
| 650 | _aBanking | ||
| 690 | _aBanking | ||
| 906 | _a063428 | ||
| 999 |
_c136169 _d136169 |
||